000 00936nam a2200253 a 4500
999 _c11861
_d11861
001 11861
003 BD-JhCC
005 20220606134024.0
008 201122b2016 bg |||| ||a| 000 0 ben d
020 _a978984919865
035 _a(BD-JhCC)11861
040 _aBD-JhCC
_dBD-JhCC
041 _aben
082 _a843.914
_bFAL 2016
100 _aফ্যালকনার, কলিন
245 _aদ্য সুলতানস:
_bহারেম /
_cকলিন ফ্যালকনার, অনুঃ ইমতিয়াজ আজাদ।
260 _aDhaka:
_bADEE;
_c2016.
300 _a175 p. :
_c22 cm.
600 _aColin Falconer.
651 _aSultans
_vHarems
_xHurrem, consort of Süleyman I, Sultan of the Turks, approximately 1504-1558?
_yTurkey--Istanbul
_zSüleyman I, Sultan of the Turks, 1494 or 1495-1566
700 _aআজাদ,ইমতিয়াজ
942 _2ddc
_cBK
_01